Vật lý lò phản ứng hạt nhân
Kaydedildi:
| Yazar: | |
|---|---|
| Materyal Türü: | Kitap |
| Dil: | Undetermined |
| Baskı/Yayın Bilgisi: |
Hà Nội
Đại học Quốc gia Hà Nội
2004
|
| Konular: | |
| Etiketler: |
Etiketle
Etiket eklenmemiş, İlk siz ekleyin!
|
| Thư viện lưu trữ: | Trung tâm Học liệu Trường Đại học Cần Thơ |
|---|
| LEADER | 00626nam a2200217Ia 4500 | ||
|---|---|---|---|
| 001 | CTU_94950 | ||
| 008 | 210402s9999 xx 000 0 und d | ||
| 020 | |c 23000 | ||
| 082 | |a 539.7 | ||
| 082 | |b H523 | ||
| 100 | |a Ngô, Quang Huy | ||
| 245 | 0 | |a Vật lý lò phản ứng hạt nhân | |
| 245 | 0 | |c Ngô Quang Huy | |
| 260 | |a Hà Nội | ||
| 260 | |b Đại học Quốc gia Hà Nội | ||
| 260 | |c 2004 | ||
| 526 | |a Thực tế ngoài trường - Vật lý | ||
| 526 | |b SP146 | ||
| 650 | |a Nuclear physics | ||
| 904 | |i Trúc | ||
| 980 | |a Trung tâm Học liệu Trường Đại học Cần Thơ | ||